Inovatívna aplikácia v rámci medzinárodnej súťaže

Na minha lista:
Detalhes bibliográficos
Autor principal: Minárik, Matej, 1992- (Author)
Outros Autores: Šimko, Jakub, 1986- (Thesis advisor)
Formato: Manuscrito Livro
Idioma:eslovaco
Publicado em: Bratislava : STU v Bratislave FIIT, 2014
Assuntos:
Acesso em linha:VAIS
Tags: Adicionar Tag
Sem tags, seja o primeiro a adicionar uma tag!

MARC

LEADER 00000ntm a22000003a 4500
001 stu293849
005 20150617230318.1
008 140712s2014----xo------------------slo-d
040 |a STU  |b slo 
041 0 |a slo 
044 |a xo 
100 1 |a Minárik, Matej,  |d 1992-  |4 aut  |u I200  |U FIIT Fakulta informatiky a informačných technológií  |T FIIT Ústav informatiky a softvérového inžinierstva  |X 8351  |U I200  |Y 179  |7 A000008351 
242 0 0 |a Innovative application within international competition  |y eng 
245 1 |a Inovatívna aplikácia v rámci medzinárodnej súťaže 
260 |a Bratislava :  |b STU v Bratislave FIIT,  |c 2014 
650 7 |a informatika  |2 stusub 
650 7 |a Informatics  |2 estusub 
650 7 |a accelerometer  |2 estusub 
650 7 |a gyroscope  |2 estusub 
700 1 |a Šimko, Jakub,  |d 1986-  |4 ths  |u I200  |U FIIT Fakulta informatiky a informačných technológií  |T FIIT Ústav informatiky a softvérového inžinierstva  |X 17040  |U I200  |Y 179  |7 A000017040 
856 4 |a info a plný text  |u http://is.stuba.sk/zp/portal_zp.pl?podrobnosti=88153  |3 VAIS 
996 |c I*BAP68/14  |l II680  |s A  |a 24  |w stu293849_0001